Economics (Record no. 82987)

MARC details
000 -LEADER
fixed length control field 00812cab a22001935a 4500
001 - CONTROL NUMBER
control field L152525
008 - FIXED-LENGTH DATA ELEMENTS--GENERAL INFORMATION
fixed length control field 110323e20110318xxk 000 0 eng d
035 ## - SYSTEM CONTROL NUMBER
System control number (Sirsi) u152525
041 0# - LANGUAGE CODE
Language code of text/sound track or separate title eng
100 1# - MAIN ENTRY--PERSONAL NAME
Personal name Fordham, Peter
245 00 - TITLE STATEMENT
Title Economics
Remainder of title specialist costs, steel and concrete
260 ## - PUBLICATION, DISTRIBUTION, ETC.
Date of publication, distribution, etc. 2011
490 ## - SERIES STATEMENT
Series statement Building
Volume/sequential designation 276 (8670) 18 March 2011, 50-53(4)
520 ## - SUMMARY, ETC.
Summary, etc. Steel and concrete subcontractor turnovers have taken a double hit as the price of raw materials has surged and work dried up; looks at recent price trends for concrete and steel work, and steel and concrete prices outlook, current indicative steel and concrete rates, sustainability credentials of steel and concrete.
590 ## - LOCAL NOTE (RLIN)
Local note KA
651 #4 - SUBJECT ADDED ENTRY--GEOGRAPHIC NAME
Geographic name United Kingdom
Chronological subdivision
690 ## - LOCAL SUBJECT ADDED ENTRY--TOPICAL TERM (OCLC, RLIN)
Topical term or geographic name as entry element BUILT ENVIRONMENT-BUILDING COSTS
942 ## - ADDED ENTRY ELEMENTS (KOHA)
Suppress in OPAC 0
Holdings
Withdrawn status Lost status Source of classification or shelving scheme Damaged status Not for loan Home library Current library Shelving location Date acquired Total Checkouts Full call number Barcode Date last seen Copy number Price effective from Koha item type
    Dewey Decimal Classification     London London Journal article 23/03/2011   L152525 152525-1001 06/08/2019 1 06/08/2019 Journal article